| 000 | 00822cam a2200289 a 4500 | ||
|---|---|---|---|
| 001 | 14245 | ||
| 003 | BD-JhCC | ||
| 005 | 20250224115805.0 | ||
| 008 | 120712s2006 maua d 001 0 eng | ||
| 020 | _a9780877798071 | ||
| 035 | _a(BD-JhCC)14245 | ||
| 040 |
_aDLC _cDLC _dDLC |
||
| 041 | _aeng | ||
| 050 | 0 | 0 |
_aPE1628 _b.M36 2006 |
| 082 | 0 | 0 |
_a423 _223 _bMER 2005 |
| 245 | 0 | 0 | _aMerriam-Webster's collegiate dictionary / |
| 246 | 3 | 0 | _aCollegiate dictionary |
| 250 | _a11th ed. | ||
| 260 |
_aSpringfield, Mass. : _bMerriam-Webster, _cc2005. |
||
| 300 |
_a40a, 1623 p. : _bill. ; _c26 cm. |
||
| 500 | _aIncludes index. | ||
| 500 | _a"New ed. -- completely revised and updated"--P. 4 of Cover. | ||
| 650 | 0 |
_aEnglish language _vDictionaries. |
|
| 710 | 2 | _aMerriam-Webster, Inc. | |
| 942 |
_2ddc _cBK |
||
| 999 |
_c14245 _d14245 |
||